| 000 | 00460nam a22001937a 4500 | ||
|---|---|---|---|
| 005 | 20230614134930.0 | ||
| 008 | 230607b |||||||| |||| 00| 0 eng d | ||
| 020 | _a9788177583533 | ||
| 082 |
_a621.3813 _bLIA-M |
||
| 100 | _aLiao.Samuel Y | ||
| 245 | _aMicrowave Devices and Circuit | ||
| 250 | _a3rd | ||
| 260 |
_c2017 _aIndia _bPearson |
||
| 300 | _a561 | ||
| 500 | _aIncludes Index | ||
| 650 | _aEngineering | ||
| 700 | _aSamuel Y.Liao | ||
| 999 |
_c18658 _d18658 |
||